| 000 | 00506nam a2200169 4500 | ||
|---|---|---|---|
| 003 | SEACOMEC | ||
| 005 | 20240511130631.0 | ||
| 008 | 240511b |||||||| |||| 00| 0 eng d | ||
| 020 |
_a978-8173810893 _c245.00 |
||
| 040 | _aSEACOMEC | ||
| 082 |
_a516.15 _bK45 |
||
| 100 | _a Khan, Ratan Mohan | ||
| 245 |
_aAnalytical Geometry of Two and Three Dimensions and Vector Analysis _c Ratan Mohan Khan |
||
| 260 |
_aKolkata _bNew Central Book Agency _c2005 |
||
| 300 |
_a538 p. _c16 x 2.8 x 24 cm |
||
| 942 | _cBOOK | ||
| 999 |
_c1062 _d1062 |
||